00428 2200169 4500001002100000005001500021008004100036020001800077035001900095041000700114082001000121090001900131100002700150245002600177260002900203300002600232INLIS00000000000006720220725115535220725||||||||| | ||| |||| || |  a979-413-565-8 0010-0722000067 aid0 a634.6 a634.6Set b C.50 aSETYAMIDJAJA, Djoehana00aBudidaya Kelapa sawit aSemarangbItspressc1991 a62p.;Pig.;Bibl.;21 Cm